00404 2200157 4500001002100000008004100021035002000062245003800082100001600120260003200136300002200168020002200190084001400212082000800226990001200234INLIS000000000002772 IND  a0010-0925000119 aNak, Panggil Aku IbucAster Putih aAster Putih aJakartabRumah Oranyec2013 a220c(13 x 19 cm) a978-602-1588-22-2 a813 AST n a813 a0754994